Cartilla declaracin̤ de renta personas jurd̕icas Conciliacin̤ fiscal e impuesto diferido /

Detalles Bibliográficos
Autor principal: Chavarro Cadena, Jorge Enrique
Otros Autores: Varn̤ Garca̕, Leonardo, Anzola A., Cšar E., Castaęda M., Edgar A., Moreno A., Andrš E., Aragn̤ R., Nancy
Formato: eBook
Lenguaje:español
Publicado: Bogot:̀ Grupo Editorial Nueva Legislacin̤, 2019
Materias:
Acceso en línea:Acceso restringido

MARC

LEADER 00000nam a22000007a 4500
005 20191015001644.0
007 cr|||| ||||
008 191015s2019 co |||||s|||| 00||0 spa d
020 |a 978-958-52024-3-6 
035 |a 30498 
040 |a vLex 
090 |c 9813  |d 9813 
100 1 |a Chavarro Cadena, Jorge Enrique 
245 1 0 |a Cartilla declaracin̤ de renta personas jurd̕icas  |h [Recurso electrn̤ico] :  |b Conciliacin̤ fiscal e impuesto diferido /  |c Jorge Enrique Chavarro Cadena, Leonardo Varn̤ Garca̕, Cšar E. Anzola A., Edgar A. Castaęda M., Andrš E. Moreno A., Nancy Aragn̤ R. 
256 |a Servicio en ln̕ea 
260 |a Bogot:̀  |b Grupo Editorial Nueva Legislacin̤,  |c 2019 
300 |a 1 recurso electrn̤ico 
506 1 |a Disponible solo en los productos indicados  |d vLex Global  |d vLex Global (Academic Edition, excluding Law Schools)  |d vLex Global (U.S. Academic Edition, Law Schools)  |d vLex Global (U.S. Academic Edition, excluding Law Schools)  |d vLex Global (Academic Edition, Law Schools) 
650 0 4 |a Derecho Tributario  |z Colombia 
700 1 |a Varn̤ Garca̕, Leonardo 
700 1 |a Anzola A., Cšar E. 
700 1 |a Castaęda M., Edgar A. 
700 1 |a Moreno A., Andrš E. 
700 1 |a Aragn̤ R., Nancy 
740 0 |a vLex Libros (Servicio en ln̕ea) 
856 4 0 |u http://vlex.com/source/cartilla-declaracion-renta-personas-juridicas-conciliacion-fiscal-impuesto-diferido-30498  |z Acceso restringido 
942 |c BOOK 
999 0 |a Tax Law